Goner - Twenty One Pilots Lyrics - Statistics

General Stats
  • This quiz has been taken 19 times
  • The average score is 175 of 218
Answer Stats
Lyrics % Correct
a
100%
a
100%
a
100%
a
100%
goner,
100%
goner,
100%
goner,
100%
goner,
100%
I
100%
I
100%
I
100%
Verse 1 I'm
100%
I'm
100%
Verse 2 I'm
100%
I'm
100%
I'm
100%
I'm
100%
I'm
100%
the
100%
The
100%
the
100%
the
100%
The
100%
be
92%
be
92%
be
92%
be
92%
breath
92%
breath
92%
breath
92%
breath
92%
by
92%
by
92%
by
92%
by
92%
catch
92%
catch
92%
catch
92%
catch
92%
I
92%
I
92%
I
92%
I'm
92%
I'm
92%
I'm
92%
known
92%
known
92%
known
92%
known
92%
my
92%
my
92%
my
92%
my
92%
not
92%
somebody
92%
somebody
92%
somebody
92%
somebody
92%
to
92%
to
92%
to
92%
to
92%
wanna
92%
wanna
92%
wanna
92%
wanna
92%
you
92%
you
92%
you
92%
you
92%
you
92%
you
92%
your
92%
your
92%
a
85%
a
85%
blurry's
85%
gone
85%
gone
85%
gone
85%
goner,
85%
goner,
85%
help
85%
help
85%
him
85%
him
85%
I
85%
I
85%
Outro I'm
85%
I'm
85%
me
85%
me
85%
need
85%
need
85%
not
85%
of
85%
of
85%
one
85%
out,
85%
out
85%
out
85%
out,
85%
take
85%
take
85%
the
85%
Chorus Though
85%
Chorus Though
85%
and
77%
and
77%
away
77%
away
77%
be
77%
be
77%
be
77%
be
77%
be!
77%
be!
77%
be
77%
be
77%
beaten
77%
beaten
77%
blurry's
77%
breath!
77%
breath!
77%
by
77%
by
77%
catch
77%
catch
77%
close
77%
close
77%
down
77%
down
77%
faces,
77%
faces,
77%
ghost
77%
ghost
77%
gone
77%
got
77%
got
77%
I'll
77%
I'll
77%
inside
77%
inside
77%
into
77%
into
77%
is
77%
is
77%
Verse 3 I've
77%
I've
77%
known
77%
known
77%
my
77%
my
77%
one
77%
somebody
77%
somebody
77%
sound
77%
sound
77%
two
77%
two
77%
underneath
77%
underneath
77%
wanna
77%
wanna
77%
weak
77%
weak
77%
yeah!
77%
you!
77%
you
77%
Bridge Don't
69%
Don't
69%
Don't
69%
Don't
69%
Don't
69%
Don't
69%
I'm
69%
I'm
69%
let
69%
let
69%
let
69%
let
69%
let
69%
let
69%
me
69%
me
69%
me
69%
me
69%
me
69%
me
69%
slip
69%
slip
69%
The
69%
you're
69%
you're
69%
out,
62%
the
62%
to
62%
you
62%
Gone,
54%
me
54%
of
54%
though
54%
underneath
54%
Chorus And
46%
and
46%
away
46%
beaten
46%
close
46%
down
46%
ghost
46%
I'll
46%
inside
46%
into
46%
is
46%
sound
46%
weak
46%
you're
46%
slip
38%
No matching quizzes found
Score Distribution
Percent of People with Each Score
Percentile by Number Answered
Your Score History
You have not taken this quiz